Mennyit költött a város az egyetemi építkezésekre elszámolást kér a kultuszminiszter

Elmentve itt :
Bibliográfiai részletek
Dokumentumtípus: Cikk
Megjelent: 1931-04-21
Sorozat:Délmagyarország 7 No. 89
Kulcsszavak:Egyetemi építkezések Szeged 1931
Online Access:http://dmarchiv.bibl.u-szeged.hu/59860
LEADER 00486nab a2200145 i 4500
001 delm59860
005 20180927144600.0
008 180927s1931 hu o 0|| hun d
040 |a SZTE Délmagyarország Archívum  |b hun 
041 |a hun 
245 0 0 |a Mennyit költött a város az egyetemi építkezésekre   |h [elektronikus dokumentum] :  |b elszámolást kér a kultuszminiszter 
260 |c 1931-04-21 
300 |a 3 
490 0 |a Délmagyarország  |v 7 No. 89 
695 |a Egyetemi építkezések Szeged 1931